Catalog

Record Details

Catalog Search



Available copies

  • 1 of 2 copies available at LARL/NWRL Consortium.
  • 1 of 2 copies available at Lake Agassiz Regional Library. (Show preferred library)

Current holds

0 current holds with 2 total copies.

Show Only Available Copies
Location Call Number / Copy Notes Barcode Shelving Location Status Due Date
Crookston Public Library MOO (Text) 33500008755563 Main Available -
Moorhead Public Library MOO (Text) 33500008815276 Main Checked out 07/16/2026

Record details

  • ISBN: 0060590270
  • Physical Description: 387 p. ; 24 cm.
  • Edition: 1st ed.
  • Publisher: New York : William Morrow, c2006.
Genre: Humorous fiction.
LDR 01038pam a2200289 a 4500
00167380
003LARL_NWRL_CONSORTIUM
00520060322101218.0
008051115s2006 nyu 000 1 eng
010 . ‡a2005057501
020 . ‡a0060590270
0243 . ‡a9780060590277
035 . ‡a(OCoLC)62326926
040 . ‡aDLC ‡cDLC ‡dYDX ‡dBAKER
08200. ‡a813/.6 ‡222
1001 . ‡aMoore, Christopher, ‡d1957- ‡0(LARL_NWRL_CONSORTIUM)114047
24512. ‡aA dirty job ‡n#1/ ‡cChristopher Moore.
250 . ‡a1st ed.
260 . ‡aNew York : ‡bWilliam Morrow, ‡cc2006.
300 . ‡a387 p. ; ‡c24 cm.
4900 . ‡aGrim reaper ; ‡v1
655 7. ‡aHumorous fiction. ‡2gsafd
901 . ‡a67380 ‡bOCLC ‡c67380 ‡tbiblio

Additional Resources